| 000 | 00972nam a2200265 a 4500 | ||
|---|---|---|---|
| 001 | 78649 | ||
| 003 | BD-RjUL | ||
| 005 | 20211209083145.0 | ||
| 008 | 211027s19551375ir b 001 0 perrd | ||
| 020 | _a9643052389 | ||
| 035 | _a(BD-RjUL)78875 | ||
| 040 |
_aOSU _cOSU _beng |
||
| 041 | 0 | _aper | |
| 082 |
_223 _a891.551 _bKAD 1955 |
||
| 100 | 1 |
_a كزازى مير جلال الدين ;; Kazzāzī, Mīr Jalāl al-Dīn. _9249380 |
|
| 245 | 1 | 0 |
_a ديوان خاقانى شروانى ;; Dīwān-i Khāqānī Shirvānī / _cمير جلال الدين كزازى ;; vīrāstah-ʼi Mīr Jalāl al-Dīn Kazzāzī. |
| 250 | _aChāp-i 1. | ||
| 260 |
_aTihrān : _bNashr-i Markaz, _c1375 [1955] |
||
| 300 |
_a2 v. (1406 p.) ; _c24 cm. |
||
| 505 | 0 | 0 |
_tChāmahʹhā va tarkībʹbandʹhā -- _tGhazalhā, qiṭʿahʹhā, chārānahʹhā va surūdahʹhā-yi ʿArabī. |
| 650 |
_aPersian Poetry _9249381 |
||
| 942 |
_2ddc _cBK |
||
| 999 |
_c78649 _d78649 |
||